000 00310cam a22001097a 4500
008 180718b xxu||||| |||| 00| 0 eng d
082 _aT465106x73 R591a/1970
245 _aPresident's review and annual review
260 _aNew York
_bThe Rockseller Foundation
_c
300 _axxviii, 229p.
650 _aAnnual review
999 _c500969
_d500969